000 00997cam a22002894a 4500
001 11813859
003 SISC
005 20160215131438.0
008 991019s2000 mnua j b 001 0 eng
010 _a 99054593
020 _a9780736804189
020 _a0736804382 (series)
040 _aDLC
_cDLC
_dDLC
042 _apcc
_alcac
050 0 0 _aRA 777
_b.G673 2000
082 0 0 _aHS 613.7
_b.G78 2000
100 1 _aGraves, Bonnie B.
_912175
245 1 0 _aFitness /
_cBonnie Graves
260 _aMankato, Minn. :
_bLifeMatters,
_cc2000.
300 _a64 p. :
_bill. ;
_c24 cm.
440 0 _aPerspectives on physical health
_912638
650 0 _aPhysical fitness
_vJuvenile literature.
_912639
906 _a7
_bcbc
_corignew
_d1
_eocip
_f19
_gy-gencatlg
942 _2lcc
_cBK
999 _c9165
_d9165